000
00270nam a2200109Ia 4500
008
190216s9999||||xx |||||||||||||| ||und||
100
_a
Agarwal
245
0
_a
Avadhs Intelligence&Aptitude Test
260
_b
"Avadh Prakashan , Agra"
650
_a
References
942
_c
REF
999
_c
35796
_d
35796